| 000 | 00752cam a22002533a 4500 | ||
|---|---|---|---|
| 001 | 5432 | ||
| 003 | PGUSA | ||
| 005 | 20140828083120.0 | ||
| 008 | 040401s2004||||xxu|||||s|||||000 p eng d | ||
| 040 |
_aPGUSA _beng |
||
| 042 | _adc | ||
| 050 | 4 | _aPA | |
| 100 | 1 |
_aHorace, _d-65--8 |
|
| 245 | 1 | 4 |
_aThe Odes and Carmen Saeculare of Horace _h[electronic resource] / _cHorace |
| 260 |
_bProject Gutenberg, _c2004 |
||
| 506 | _aPublic domain in the USA. | ||
| 516 | _aElectronic text | ||
| 653 | _aHorace -- Translations into English | ||
| 653 | _aLaudatory poetry, Latin -- Translations into English | ||
| 700 | 1 |
_aConington, John, _d1825-1869 |
|
| 830 | 0 |
_aProject Gutenberg _v5432 |
|
| 856 | 4 | 0 | _uhttp://www.gutenberg.org/ebooks/5432 |
| 942 | _cEB | ||
| 999 |
_c234761 _d234761 |
||